Statistics for Daily U.S. State Riddle #25

Click here to take the quiz!

General Stats

  • This quiz has been taken 69 times
  • The average score is 32 of 32

Answer Stats

TypeAnswer% Correct
Found LetterA
100%
Alphabet LetterB
100%
Alphabet LetterD
100%
Found LetterE
100%
Alphabet LetterG
100%
Alphabet LetterH
100%
Found LetterI
100%
Alphabet LetterK
100%
Alphabet LetterL
100%
Found LetterM
100%
Found LetterN
100%
Alphabet LetterO
100%
Alphabet LetterR
100%
Alphabet LetterS
100%
Alphabet LetterT
100%
Alphabet LetterW
100%
Alphabet LetterX
100%
Alphabet LetterY
100%
Alphabet LetterC
98%
Alphabet LetterF
98%
Alphabet LetterP
98%
Alphabet LetterU
98%
Alphabet LetterV
98%
Correctly Placed LetterA
96%
Correctly Placed LetterE
96%
Correctly Placed LetterI
96%
Alphabet LetterJ
96%
Correctly Placed LetterM
96%
Mystery U.S. StateMaine
96%
Correctly Placed LetterN
96%
Alphabet LetterQ
96%
Alphabet LetterZ
96%

Score Distribution

Percentile by Number Answered

Percent of People with Each Score

Your Score History

You have not taken this quiz